[Event "Casino op 3rd"]
[Site "Velden"]
[Date "1995.??.??"]
[Round "5"]
[White "Pokupec, Wilhelm"]
[Black "Poropat, Marijan"]
[Result "1-0"]
[WhiteElo "1866"]
[BlackElo "1642"]
[PlyCount "151"]
[EventDate "1995.06.30"]
[EventType "swiss"]
[EventRounds "9"]
[EventCountry "AUT"]
[SourceTitle "EXT 2022"]
[Source "ChessBase"]
[SourceDate "2021.10.06"]
[SourceVersion "1"]
[SourceVersionDate "2021.10.06"]
[SourceQuality "1"]

1. c4 d6 2. d4 g6 3. Nc3 Bg7 4. e4 Nc6 5. Be3 Nh6 6. Nf3 Ng4 7. Be2 Nxe3 8. fxe3 0-0 9. 0-0 Bh6 10. Qd2 a5 11. a3 a4 12. Rf2 Na5 13. Raf1 Bd7 14. Nd5 c5 15. dxc5 Nb3 16. Qc3 Nxc5 17. Nd2 Bg7 18. Qc1 Rc8 19. Qb1 Bc6 20. b4 axb3 21. Nxb3 Nd7 22. Bg4 e6 23. Nf4 Qe7 24. Be2 Ra8 25. Nd4 Rxa3 26. Nxc6 bxc6 27. Qc1 Rc3 28. Qd2 Nc5 29. Bf3 Rxc4 30. e5 d5 31. Qb2 Nd7 32. Nd3 Qg5 33. Qb7 Qd8 34. h3 Bxe5 35. Be2 Qc7 36. Qa6 Bg7 37. Rb1 Nf6 38. Nf4 Rc3 39. Rf3 d4 40. Nd3 dxe3 41. Rxe3 Nd5 42. Rf3 Rc2 43. Ne1 Rxe2 44. Qxe2 Nc3 45. Rxc3 Bxc3 46. Nf3 Bg7 47. Qc4 Qd6 48. Rc1 Rc8 49. Qa6 Qd7 50. Rf1 h6 51. Rf2 c5 52. Rd2 Qc7 53. Qc4 Rb8 54. Rc2 Rc8 55. Kf2 Qb7 56. g4 Qd5 57. h4 Qxc4 58. Rxc4 Kf8 59. Nd2 Ke7 60. Kf3 f5 61. Ra4 Rc7 62. Nc4 Bf6 63. h5 g5 64. gxf5 exf5 65. Ra6 Bd4 66. Rxh6 Kf8 67. Nd6 f4 68. Rg6 Ra7 69. Rxg5 Ra3+ 70. Ke4 f3 71. Rf5+ Ke7 72. Kd5 Bf6 73. Ne4 Bd4 74. h6 f2 75. Nxf2 Bxf2 76. Rxf2 1-0

[Event "Casino op 3rd"]
[Site "Velden"]
[Date "1995.??.??"]
[Round "3"]
[White "Pokupec, Wilhelm"]
[Black "Senoner, Erich"]
[Result "0-1"]
[WhiteElo "1866"]
[BlackElo "2037"]
[PlyCount "110"]
[EventDate "1995.06.30"]
[EventType "swiss"]
[EventRounds "9"]
[EventCountry "AUT"]
[SourceTitle "EXT 2022"]
[Source "ChessBase"]
[SourceDate "2021.10.06"]
[SourceVersion "1"]
[SourceVersionDate "2021.10.06"]
[SourceQuality "1"]

1. c4 Nf6 2. b3 d5 3. e3 Bf5 4. d4 e6 5. Nc3 c6 6. Nf3 Bb4 7. Bd2 Qa5 8. Qc1 Ne4 9. Nxe4 Bxe4 10. Bxb4 Qxb4+ 11. Qd2 a5 12. Qxb4 axb4 13. Kd2 dxc4 14. Bxc4 Nd7 15. Bd3 Nf6 16. Ne1 0-0 17. f3 Bxd3 18. Nxd3 Rfd8 19. Rhc1 Ra5 20. Nxb4 c5 21. Nd3 cxd4 22. e4 Rda8 23. a4 b5 24. Rc5 g6 25. Nb2 bxa4 26. Rxa5 Rxa5 27. bxa4 Nd7 28. Nc4 Ra6 29. a5 Kf8 30. Rb1 Ke7 31. Rb7 Kd8 32. f4 Kc8 33. Rb5 Kc7 34. Ne5 Nxe5 35. Rxe5 f6 36. Rb5 Kc6 37. Rb2 Rxa5 38. Kd3 e5 39. Rc2+ Kd6 40. Rd2 Ra3+ 41. Kc4 Rc3+ 42. Kb4 exf4 43. Ra2 Ke5 44. Ra6 Kxe4 45. Rxf6 Rc7 46. Kb3 g5 47. Kb2 g4 48. Re6+ Kd3 49. Rf6 Ke3 50. Re6+ Kf2 51. g3 fxg3 52. hxg3 Kxg3 53. Rd6 Kg2 54. Rxd4 g3 55. Rd2+ Kh3 0-1

[Event "Casino op 3rd"]
[Site "Velden"]
[Date "1995.??.??"]
[Round "1"]
[White "Pokupec, Wilhelm"]
[Black "Spindelboeck, Gernot"]
[Result "0-1"]
[WhiteElo "1866"]
[BlackElo "2184"]
[PlyCount "100"]
[EventDate "1995.06.30"]
[EventType "swiss"]
[EventRounds "9"]
[EventCountry "AUT"]
[SourceTitle "EXT 2022"]
[Source "ChessBase"]
[SourceDate "2021.10.06"]
[SourceVersion "1"]
[SourceVersionDate "2021.10.06"]
[SourceQuality "1"]

1. c4 b6 2. g3 Bb7 3. Nf3 Bxf3 4. exf3 c5 5. Bg2 Nc6 6. 0-0 Nf6 7. b3 g6 8. Nc3 Bg7 9. Bb2 0-0 10. Nd5 Nxd5 11. Bxg7 Kxg7 12. cxd5 Nd4 13. d3 d6 14. f4 b5 15. Re1 a5 16. Rb1 b4 17. Re4 Qd7 18. Qd2 a4 19. Rxd4 cxd4 20. Qxb4 Qa7 21. Re1 axb3 22. axb3 Rfb8 23. Qc4 Rc8 24. Qb4 Rab8 25. Qa4 Qxa4 26. bxa4 Rc7 27. g4 Ra8 28. Ra1 Rca7 29. Re1 Kf8 30. Be4 Rxa4 31. h4 Ra1 32. Rxa1 Rxa1+ 33. Kg2 Rd1 34. f5 Kg7 35. f4 Rd2+ 36. Kf3 Rh2 37. Kg3 Re2 38. fxg6 Re3+ 39. Kg2 hxg6 40. f5 gxf5 41. Bxf5 e6 42. Be4 f5 43. gxf5 exd5 44. Bxd5 Rxd3 45. h5 Re3 46. h6+ Kxh6 47. f6 d3 48. Kf2 Re5 49. Bb3 d2 50. f7 Kg7 0-1